000 00702nam a22001337a 4500
040 _cRUA
082 _aAGR PHE 2021 B1-570 Or.
100 _aPHEN CHANDARA ផែន ចន្ទដារា
245 _aCOMPARISION OF DIFFERENT RATES OF UREA FERTILTZER ON GROWTH AND YIELD ON PAK CHOY (Brassica chinensis) ការប្រៀបធៀបកម្រិតជីអ៊ុយរ៉េខុសៗគ្នាទៅលើការលូតលាស់ និងទិន្នផលដំណាំស្ពៃតឿ
260 _aPHNOM PENH
_bRUA
_c2021
300 _aVIII. 35P
_bVI.
_c29CM
856 _uhttps://drive.google.com/file/d/1xnO7cNj3U4Ml8iTJKqqxUdf-8JTAoeWJ/view?usp=sharing
942 _cAGR
999 _c22727
_d22727